Responses for Show #5675 - Friday, April 17, 2009

Contestants

[<< previous game]

Joe Pieper, a research engineer from Minneapolis, Minnesota

Colette Windish, a French professor from Mobile, Alabama

Kevin Joyce, a customer service representative from Leominster, Massachusetts (whose 2-day cash winnings total $76,299)

[next game >>]

Jeopardy! Round responses

JOE THE PLUMBER
THE OFFICE GAMES
BIBLICAL NON-PROPHET
(Alex: You have to name the one who is not a prophet in the list we give you.)
JUST A "SEC"!
THE REPORT OF MY DEATH...
IT'S NOT SO
    $200 6
a plunger

Joe
    $200 14
draw

Triple Stumper
    $200 9
Hannah

Kevin
    $200 1
(Colette: What is it...section?)

to bisect

KevinColette
    $200 15
Mark Twain

Kevin
    $200 20
the Great Wall of China

Kevin
    $400 7
a snake

Joe
    $400 26
trash

Kevin
    $400 10
Samson

Kevin
    $400 2
a desecration

Colette
    $400 16
Paul McCartney

Kevin
    $400 21
fingernails

Colette
    $600 8
a flapper

Kevin
    $600 27
En garde!

Colette
    $600 11
(Joe: Who is Malachi?)

Belshazzar

ColetteJoe
    $600 3
dissection

Joe
    $600 17
Howard Hughes

Joe
    $600 22
(Kevin: What is typhus?)
...
(Alex: With a minute to go.)

typhoid

KevinColette
    $800 25
a ballcock

Kevin
    $800 28
(Joe: What is 10?)
(Kevin: What is 11?)
(Colette: What is 15?)
...
[The end-of-round signal sounds.]

12

KevinColetteJoe
Triple Stumper
    $800 12
Bildad

Kevin
    $800 4
(Joe: What is succession?)

consecutive

Joe
Triple Stumper
    $800 18
Coleridge

Kevin
    $800 23
carrots

Kevin
    $1000 13
Uriah

Colette
    $1,000 5
(Joe: [No response])

to persecute

Joe
    $1000 19
(James) Brady

Kevin
    $1000 24
magnetic resonance image

Joe

Scores at the first commercial break (after clue 15):

Kevin Colette Joe
$2,400 $1,800 -$1,200

Scores at the end of the Jeopardy! Round:

Kevin Colette Joe
$5,400 $2,600 -$400

Double Jeopardy! Round responses

(Alex: We had JOE THE PLUMBER, now we deal with...)
JOE THE SENATOR
GRAMMY-WINNING COMEDY ALBUMS
BORROWED BOOK TITLES
AMERICANA
FAMOUS PAIRS
ONE LETTER CHANGES THE VOWEL SOUND
(Alex: Each response will be two words in which one letter will change the vowel sound for us in those words.)
    $400 1
Joe Biden

Joe
    $400 15
Chris Rock

Kevin
    $400 20
(Kevin: What is Grapes of Wrath?)

East of Eden

KevinColette
    $400 10
Ma Bell

Kevin
    $400 26
Robbins

Joe
    $400 4
comb & tomb

Kevin
    $800 2
Joe McCarthy

Joe
    $800 16
Cheech & Chong

Kevin
    $800 21
All the King's Men

Colette
    $800 11
(Joe: What is Salt Lake City?)

Cheyenne, Wyoming

Joe
Triple Stumper
    $800 27
(Colette: What is blank?)

Wagnalls

KevinColette
    $800 5
move & love

Kevin
    $1200 3
Lieberman

Kevin
    $1200 17
(Bill) Cosby

Kevin
    $3,800 22
(Colette: What is... [shakes head] I'm sorry--what is The Firm? I know it's not that.)

A Time To Kill

Colette
    $6,400 12
(Alex: [*] is correct. A lot of peaks over 10,000 feet.)

Colorado

Kevin
    $1200 28
Teller

Kevin
    $1200 6
read & dead

Joe
    $1600 7
(Andrew) Jackson

Kevin
    $1600 18
(George) Carlin

Kevin
    $1600 23
For Whom the Bell Tolls

Joe
    $1600 13
Great Scott!

Kevin
    $1600 29
Johnny

Kevin
    $1600 8
give & hive

Kevin
    $2000 24
(Alex: Less than a minute now.)

(Joseph) Lister

Kevin
    $2000 19
(Alex: [*]--yes--you know your comedy album stars.)
[Applause for Kevin's run of the category]

(Sam) Kinison

Kevin
    $2000 25
(Alex: And that Southern saga is [*].)

Gone With the Wind

Triple Stumper
    $2000 14
Delmonico's

Kevin
    $2000 30
Leopold

Kevin
    $2000 9
slop & slow

Kevin

Scores at the end of the Double Jeopardy! Round:

Kevin Colette Joe
$36,600 -$800 $3,200
(lock game)

[wagering suggestions for these scores]

Final Jeopardy! Round responses

BROADWAY HISTORY
(Alex: [to Joe] They changed the color of the logo to green from yellow and it was one day before Halloween.)
JoeWhat is Wicked?
$300
KevinWhat is Rent?
$1,600
Wicked

Final scores:

Kevin Colette Joe
$35,000 -$800 $3,500
3-day champion: $111,299 3rd place: $1,000 2nd place: $2,000

Game dynamics:

Coryat scores:

Kevin Colette Joe
$31,400 $3,000 $4,200
33 R
(including 1 DD),
3 W
8 R,
4 W
(including 1 DD)
10 R,
5 W
(including 1 DD)

Combined Coryat: $38,600

[game clues] [game scores] [suggest correction]

Game tape date: 2009-02-04
The J! Archive is created by fans, for fans. Scraping, republication, monetization, and malicious use prohibited; this site may use cookies and collect identifying information. See terms. The Jeopardy! game show and all elements thereof, including but not limited to copyright and trademark thereto, are the property of Jeopardy Productions, Inc. and are protected under law. This website is not affiliated with, sponsored by, or operated by Jeopardy Productions, Inc. Join the discussion at JBoard.tv.